000 00671nam a22002172 4500
001 0000009184
005 20151217152050.0
008 080910s xx 000 0 eng d
020 _a8120331600 :
_cKES 600
040 _aKABU
_cKABU
100 1 _aChatterji, A. K.
_@0000160268
245 1 0 _aIntroduction to environmental biotechnology /
_cA. K. Chatterji.
250 _a2nd ed.
260 _aNew Delhi :
_bPrentice-Hall of India,
_c2007.
300 _axvii, 197 p.
650 0 _aBioremediation.
_@0000121510
908 _a080910
950 _@1
999 _c7816
_d7816